<?xml version="1.0" encoding="UTF-8"?>
<record
    xmlns:xsi="http://www.w3.org/2001/XMLSchema-instance"
    xsi:schemaLocation="http://www.loc.gov/MARC21/slim http://www.loc.gov/standards/marcxml/schema/MARC21slim.xsd"
    xmlns="http://www.loc.gov/MARC21/slim">

  <leader>01494nam a2200181   4500</leader>
  <controlfield tag="001">7878</controlfield>
  <controlfield tag="005">20181127184553.0</controlfield>
  <datafield tag="020" ind1="0" ind2="0">
    <subfield code="a">9788121943024</subfield>
  </datafield>
  <datafield tag="090" ind1="0" ind2="0">
    <subfield code="a">332.0412</subfield>
  </datafield>
  <datafield tag="100" ind1="0" ind2="0">
    <subfield code="a">Bhalla,V K.</subfield>
  </datafield>
  <datafield tag="245" ind1="0" ind2="0">
    <subfield code="a">Working capital management /</subfield>
    <subfield code="b"></subfield>
    <subfield code="c">V K Bhalla</subfield>
    <subfield code="h"></subfield>
  </datafield>
  <datafield tag="260" ind1="0" ind2="0">
    <subfield code="a">New Delhi : </subfield>
    <subfield code="b">S.Chand &amp; Company Pvt.Ltd,</subfield>
    <subfield code="c">2017.</subfield>
  </datafield>
  <datafield tag="300" ind1="0" ind2="0">
    <subfield code="a">xv, 900 pages. ; 24 cm.</subfield>
  </datafield>
  <datafield tag="505" ind1=" " ind2=" ">
    <subfield code="a">Working Capital Management : An Overview.--2. Working  Capital Policies.--3. Cash Management System.--4.  Forecasting Cash Flows.--5. Managing Corporate Liquidity  and Financial Flexibility.--6. Receivables Management.- -7. Inventory Management.--8. Short-term Financing.--9.  Programming Working Capital Management.--10. Integrating  Working Capital and Capital Investment Processes.--11.  Monetary System.--12. Money Market in India.--13. The  Term Structure of Interest Rates and Yield Curve.--14.  Banking System in India.--15. Working Capital Control and  Banking Policy.--16. Allocative Efficiency of the  Financial System.--17. Instruments of the international  Money Market.--18 Foreign Exchange Market.--19. World  Financial Markets: Integration and Growth.--20.  International Banking.--21. Short-term Investment  Portfolio Strategy: Assessing the Riskiness of Banks'  Foreign Claims.--22 Role of Foreign Banks in Emerging  Markets.--23 Managing Short-Term International Financial  Transactions.</subfield>
    <subfield code="g"></subfield>
    <subfield code="r"></subfield>
    <subfield code="t"></subfield>
  </datafield>
  <datafield tag="650" ind1="0" ind2="0">
    <subfield code="a">Cash management.</subfield>
    <subfield code="x"></subfield>
  </datafield>
  <datafield tag="650" ind1="0" ind2="0">
    <subfield code="a">Working capital -- Management.</subfield>
    <subfield code="x"></subfield>
  </datafield>
  <datafield tag="650" ind1="0" ind2="0">
    <subfield code="a">Working capital.</subfield>
    <subfield code="x"></subfield>
  </datafield>
  <datafield tag="999" ind1=" " ind2=" ">
    <subfield code="c">6765</subfield>
    <subfield code="d">6765</subfield>
  </datafield>
  <datafield tag="952" ind1=" " ind2=" ">
    <subfield code="0">0</subfield>
    <subfield code="1">0</subfield>
    <subfield code="2">ddc</subfield>
    <subfield code="4">0</subfield>
    <subfield code="7">0</subfield>
    <subfield code="8">MAIN</subfield>
    <subfield code="a">RTCLIB</subfield>
    <subfield code="b">RTCLIB</subfield>
    <subfield code="c">MAIN</subfield>
    <subfield code="d">2021-09-04</subfield>
    <subfield code="h"> </subfield>
    <subfield code="i">11896</subfield>
    <subfield code="l">4</subfield>
    <subfield code="m">1</subfield>
    <subfield code="o">332.0412 BHA</subfield>
    <subfield code="p">30012532</subfield>
    <subfield code="r">2025-08-23 00:00:00</subfield>
    <subfield code="s">2025-08-08</subfield>
    <subfield code="w">2018-11-27</subfield>
    <subfield code="y">MAIN</subfield>
  </datafield>
</record>
